000
00306nam a2200133Ia 4500
008
150201s2009 xx 000 0 und d
082
_a
616.84
_b
P09M
100
_a
MURPHY,MICHAEL
245
_a
PSYCHIATY
250
_a
5TH
260
_b
WOLTERKULWER
_a
DELHI
_c
2009
650
_a
PSYCHIATRY
942
_2
ddc
_c
BK
_0
2
999
_c
858
_d
858